Loading...
| Science - Chemistry | 0 | 7 | 0 | 1 | 70 | 43 | 70.00 | 1 | 4 |
| History - Other History | 0 | 4 | 0 | 2 | 40 | 71 | 98.00 | 0 | 1 |
| Science - Physics | 0 | 4 | 0 | 0 | 40 | 48 | 71.75 | 0 | 3 |
| Science - Other Science | 0 | 3 | 0 | 2 | 30 | 35 | 82.67 | 0 | 3 |
| Religion | 0 | 3 | 0 | 0 | 30 | 34 | 73.67 | 1 | 2 |
| Science - Biology | 0 | 3 | 0 | 0 | 30 | 39 | 53.33 | 1 | 3 |
| Philosophy | 0 | 2 | 0 | 0 | 20 | 57 | 71.00 | 0 | 2 |
| History - European History | 0 | 2 | 0 | 0 | 20 | 25 | 41.50 | 0 | 2 |
| Fine Arts - Classical Music | 0 | 2 | 0 | 0 | 20 | 52 | 59.50 | 0 | 2 |
| Social Science | 0 | 2 | 1 | 0 | 15 | 67 | 76.50 | 0 | 0 |
| Fine Arts - Other Fine Arts | 0 | 2 | 1 | 0 | 15 | 74 | 74.50 | 1 | 2 |
| Mythology | 0 | 1 | 0 | 1 | 10 | 124 | 124.00 | 0 | 0 |
| Literature - European Literature | 0 | 1 | 0 | 0 | 10 | 103 | 103.00 | 0 | 0 |
| Painting/Sculpture | 0 | 0 | 1 | 0 | -5 | 0.00 | 0 | 0 | |
| Literature - World Literature | 0 | 0 | 1 | 0 | -5 | 0.00 | 0 | 0 |